Équipe de France de rugby à XV - Vainqueurs du Grand Chelem 2022 en images. - Statistiques

Statistiques générales
  • Ce quiz a été pris 1 442 fois
    1 431 depuis la dernière actualisation
  • Le résultat moyen est 24 sur 26
Statistiques - réponses
Joueur Joueur % Correct
Antoine Dupont
98%
Damian Penaud
98%
Romaine Ntamack
98%
Cyril Baille
96%
Gaël Fickou
96%
Grégory Alldritt
96%
Julien Marchand
96%
Maxime Lucu
96%
Thomas Ramos
96%
Anthony Jelonch
95%
Uini Atonio
95%
Jonathan Danty
94%
Peato Mauvaka
94%
Cameron Woki
93%
Melvyn Jaminet
93%
Gabin Villière
92%
François Cros
89%
Yoram Moefana
89%
Paul Willemse
88%
Romain Taofifénua
87%
Jean-Baptiste Gros
84%
Thibaut Flament
83%
Matthis Lebel
82%
Mohamed Haouas
81%
Demba Bamba
80%
Dylan Cretin
70%
Aucun quiz correspondant
Distribution des résultats
% des personnes avec chaque résultat
Percentile par nombre de réponses
Votre historique - résultats
Vous n’avez pas pris ce quiz depuis la dernière actualisation